| 000 | 00521cam a2200205ua 4500 | ||
|---|---|---|---|
| 001 | 1151 | ||
| 005 | 20260515113304.0 | ||
| 008 | 110429n ii |||gr||||Z||||||asm | ||
| 020 | _a81-7339-017-7 | ||
| 040 | _cMAIN | ||
| 082 | _a330.1508 | ||
| 245 | 1 |
_aArthanaitik bhabdharar etihash _cby Krishnagopal Das |
|
| 250 | _a1st. | ||
| 260 |
_aDibrugarh: _bBanalata,993. |
||
| 300 | _a215p.:0cm. | ||
| 653 | _aEconomics | ||
| 653 | _aArthanaitik bhabdharar etihash | ||
| 700 |
_aDas, Krishnagopal., _eAuthor. |
||
| 942 | _cBK | ||
| 999 |
_c1063 _d1063 |
||